A bibliography of Oliver Wendell Holmes / (Record no. 43974)
[ view plain ]
| 000 -LEADER | |
|---|---|
| fixed length control field | 00902nam a2200253 a 4500 |
| 001 - CONTROL NUMBER | |
| control field | 43974 |
| 003 - CONTROL NUMBER IDENTIFIER | |
| rucl marc code | BD-RjUL |
| 005 - DATE AND TIME OF LATEST TRANSACTION | |
| control field | 20211209053759.0 |
| 008 - FIXED-LENGTH DATA ELEMENTS--GENERAL INFORMATION | |
| fixed length control field | 160630s1971 nyuach b 001 0 eng d |
| 035 ## - SYSTEM CONTROL NUMBER | |
| System control number | (BD-RjUL)44092 |
| 040 ## - CATALOGING SOURCE | |
| Original cataloging agency | DLC |
| Transcribing agency | YNG |
| Modifying agency | SER |
| -- | UKM |
| -- | BD-RjUL |
| Language of cataloging | eng |
| 041 ## - LANGUAGE CODE | |
| Language code of text/sound track or separate title | eng |
| 082 ## - DEWEY DECIMAL CLASSIFICATION NUMBER | |
| Classification number | 012 |
| Edition number | 23 |
| Author mark and year | THB 1971 |
| 100 1# - MAIN ENTRY--PERSONAL NAME | |
| Personal name | Currier, Thomas Franklin. |
| Dates associated with a name | 1873-1946. |
| 9 (RLIN) | 135075 |
| 245 02 - TITLE STATEMENT | |
| Title | A bibliography of Oliver Wendell Holmes / |
| Statement of responsibility, etc. | edited by Eleanor M. Tilton for the Bibliographical Society of America |
| 260 ## - PUBLICATION, DISTRIBUTION, ETC. (IMPRINT) | |
| Place of publication, distribution, etc. | New York : |
| Name of publisher, distributor, etc. | New York University Press, |
| Date of publication, distribution, etc. | 1971. |
| 300 ## - PHYSICAL DESCRIPTION | |
| Pagination | xiii, 707 p. : |
| Illustrations | ill. ; |
| Size | 28 cm. |
| 500 ## - GENERAL NOTE | |
| General note | Includes Index |
| 600 10 - SUBJECT ADDED ENTRY--PERSONAL NAME | |
| Personal name | Holmes, Oliver Wendell, |
| Dates associated with a name | 1809-1894 |
| General subdivision | Bibliography. |
| 700 1# - ADDED ENTRY--PERSONAL NAME | |
| Personal name | Tilton, Eleanor M. |
| Fuller form of name | (Eleanor Marguerite), |
| Dates associated with a name | 1913- |
| 710 2# - ADDED ENTRY--CORPORATE NAME | |
| Corporate name or jurisdiction name as entry element | Bibliographical Society of America. |
| 9 (RLIN) | 135078 |
| 942 ## - ADDED ENTRY ELEMENTS (KOHA) | |
| Source of classification or shelving scheme | Dewey Decimal Classification |
| Koha item type | Books |
| Lost status | Source of classification or shelving scheme | Damaged status | Not for loan | Collection code | Permanent Location | Current Location | Shelving location | Date acquired | Source of acquisition | Total Checkouts | Full call number | Date last seen | Copy number | Koha item type |
|---|---|---|---|---|---|---|---|---|---|---|---|---|---|---|
| Dewey Decimal Classification | Non-fiction | Central Library, University of Rajshahi | Central Library, University of Rajshahi | 19/06/1994 | Asia foundation | 012 THB 1971 | 30/06/2016 | C-2 | Books |